000 00730nam a2200253Ia 4500
003 OSt
005 20220923223420.0
006 a|||||r|||| 00| 0
007 ta
008 220922b |||||||| |||| 00| 0 hin d
024 _a215,036
037 _cTextual
040 _aARTS
_cARTS
_bhin
041 _2hin
_ahin
082 _aO152,3N12,NA, K8
100 _aमिश्र, विमल
245 0 _aनायिका
246 _aNāyikā
260 _aदिल्ली
_b राजपाल
_c1968
300 _a160 पृ.
_ccm.
650 _aहिन्दी साहित्य
_9156264
942 _hO152,3N12,NA, K8
_cTEXL
_2CC
999 _c364950
_d364950